Statistics for States That Beat Wyoming

Click here to take the quiz!

General Stats

  • This quiz has been taken 122 times
    (72 since last reset)
  • The average score is 14 of 20

Answer Stats

RankCategoryAnswer% Correct
9Largest by Land AreaAlaska | Texas | California | Montana | New Mexico | Arizona | Nevada | Colorado
97%
8Highest % Native AmericanAlaska | New Mexico | South Dakota | Oklahoma | Montana | North Dakota | Arizona
94%
8Highest % WhiteMaine | Vermont | West Virginia | New Hampshire | Montana | Iowa | Kentucky
90%
5Highest PointAlaska | California | Colorado | Washington
90%
5Coldest Average TemperatureAlaska | North Dakota | Maine | Minnesota
89%
6Most Visited National Parks*California | Tennessee | North Carolina | Utah | Arizona
86%
9Least % With a College DegreeWest Virginia | Mississippi | Arkansas | Louisiana | Kentucky | Nevada | Alabama | Oklahoma
84%
7Newest Date of AdmissionHawaii | Alaska | Arizona | New Mexico | Oklahoma | Utah
84%
4Northernmost Without Bordering CanadaWisconsin | Oregon | South Dakota
81%
7Highest % Born Out of StateNevada | Florida | Arizona | New Hampshire | Alaska | Colorado
81%
10Highest % GermanWisconsin | North Dakota | South Dakota | Iowa | Nebraska | Minnesota | Montana | Kansas | Ohio
78%
8Least ForestedNorth Dakota | Nebraska | South Dakota | Kansas | Iowa | Illinois | Nevada
71%
5Most Gun OwnershipAlaska | Arkansas | Idaho | West Virginia
63%
1(t)Most RectangularColorado
57%
3Least PrecipitationNevada | Utah
54%
2Lowest Population DensityAlaska
52%
4Fewest Counties West of the Mississippi RiverHawaii | Arizona | Nevada
51%
3Least Populous Largest CityVermont | West Virginia
48%
3Most Workplace Deaths Per CapitaAlaska | North Dakota
37%
2Most Traffic Deaths Per CapitaMississippi
17%

Score Distribution

Percentile by Number Answered

Percent of People with Each Score

Your Score History

You have not taken this quiz since the last reset